[Event "Tula Kotov Memorial"]
[Site "Tula"]
[Date "2008.01.02"]
[Round "1"]
[White "Kochetkov, German"]
[Black "Kalinichev, Andrey"]
[Result "1/2-1/2"]
[WhiteElo "2386"]
[BlackElo "2403"]
[PlyCount "22"]
[EventDate "2008.01.02"]
[EventType "tourn"]
[EventRounds "9"]
[EventCountry "RUS"]
[EventCategory "9"]
[SourceTitle "CBM 122 Extra"]
[Source "ChessBase"]
[SourceDate "2008.03.04"]
[SourceVersion "1"]
[SourceVersionDate "2008.03.04"]
[SourceQuality "1"]

1. e4 e5 2. Nf3 Nc6 3. Bb5 a6 4. Bxc6 dxc6 5. 0-0 Bg4 6. c3 Qd3 7. h3 h5 8. hxg4 hxg4 9. Nxe5 Bd6 10. Nxd3 Bh2+ 11. Kh1 Be5+ 1/2-1/2

[Event "Evpatoria"]
[Site "Evpatoria"]
[Date "2007.10.13"]
[Round "13"]
[White "Andreev, Eduard"]
[Black "Kochetkov, German"]
[Result "1/2-1/2"]
[WhiteElo "2451"]
[BlackElo "2394"]
[PlyCount "27"]
[EventDate "2007.10.07"]
[EventType "tourn"]
[EventRounds "14"]
[EventCountry "UKR"]
[EventCategory "6"]
[SourceTitle "EXT 2009"]
[Source "ChessBase"]
[SourceDate "2008.11.26"]
[SourceVersion "1"]
[SourceVersionDate "2008.11.26"]
[SourceQuality "1"]

1. e4 c5 2. Nf3 Nc6 3. d4 cxd4 4. Nxd4 e5 5. Nb5 a6 6. Nd6+ Bxd6 7. Qxd6 Qf6 8. Qxf6 Nxf6 9. Nc3 d5 10. exd5 Nb4 11. Bd3 Nbxd5 12. Nxd5 Nxd5 13. Bd2 Be6 14. 0-0-0 1/2-1/2

[Event "Evpatoria"]
[Site "Evpatoria"]
[Date "2007.10.12"]
[Round "12"]
[White "Kochetkov, German"]
[Black "Kononenko, Dmitry"]
[Result "1-0"]
[WhiteElo "2394"]
[BlackElo "2513"]
[PlyCount "72"]
[EventDate "2007.10.07"]
[EventType "tourn"]
[EventRounds "14"]
[EventCountry "UKR"]
[EventCategory "6"]
[SourceTitle "EXT 2009"]
[Source "ChessBase"]
[SourceDate "2008.11.26"]
[SourceVersion "1"]
[SourceVersionDate "2008.11.26"]
[SourceQuality "1"]

1. d4 Nf6 2. Nf3 c5 3. d5 e6 4. c4 exd5 5. cxd5 Bd6 6. Nc3 Bc7 7. e4 d6 8. Bb5+ Bd7 9. 0-0 0-0 10. Bg5 a6 11. Be2 h6 12. Bh4 Bg4 13. h3 Bxf3 14. Bxf3 Nbd7 15. Bg4 Ne5 16. f4 Ng6 17. Bxf6 Qxf6 18. e5 dxe5 19. Ne4 Qb6 20. f5 Nf4 21. d6 Qb4 22. Qe1 Qd4+ 23. Kh2 Nd3 24. Qg3 Qxe4 25. dxc7 c4 26. Bf3 Qxf5 27. Bxb7 Qd7 28. b3 Qxc7 29. Bxa8 Rxa8 30. Rad1 Rc8 31. bxc4 e4 32. Rf5 Qxg3+ 33. Kxg3 Rxc4 34. Rdf1 Rc3 35. Kg4 g6 36. Rf6 a5 1-0

[Event "Evpatoria"]
[Site "Evpatoria"]
[Date "2007.10.08"]
[Round "3"]
[White "Kochetkov, German"]
[Black "Shkuro, Iuri"]
[Result "1/2-1/2"]
[WhiteElo "2394"]
[BlackElo "2447"]
[PlyCount "76"]
[EventDate "2007.10.07"]
[EventType "tourn"]
[EventRounds "14"]
[EventCountry "UKR"]
[EventCategory "6"]
[SourceTitle "EXT 2009"]
[Source "ChessBase"]
[SourceDate "2008.11.26"]
[SourceVersion "1"]
[SourceVersionDate "2008.11.26"]
[SourceQuality "1"]

1. e4 Nc6 2. Nf3 d5 3. exd5 Qxd5 4. Nc3 Qa5 5. Bb5 Bd7 6. 0-0 a6 7. Bc4 Bg4 8. h3 Bh5 9. Bd5 Nf6 10. Bxc6+ bxc6 11. Qe2 e6 12. g4 Bg6 13. d3 Bd6 14. Re1 0-0 15. Ne5 Qb6 16. Rb1 Rfe8 17. Bd2 Qb7 18. Na4 Qb5 19. b3 Rad8 20. f4 h5 21. c4 Qb7 22. Nxg6 fxg6 23. Bc3 hxg4 24. Bxf6 gxf6 25. Qxg4 Kf7 26. d4 Bb4 27. Red1 c5 28. Nxc5 Qc6 29. Qg2 Qb6 30. Na4 Qd6 31. Qf3 Rh8 32. a3 Bxa3 33. b4 g5 34. fxg5 Rdg8 35. Qxf6+ Ke8 36. Rb3 Bxb4 37. Re3 Kd7 38. d5 e5 1/2-1/2